000 00775nam a2200241 i 4500
001 bg
100 1 _aGŁOWACKA, Ewa
_d(1959- )
245 1 0 _aStudium zastosowania kompleksowego zarządzania jakością (TQM) w bibliotekoznawstwie i informacji naukowej /
_cEwa Głowacka.
260 _aToruń :
_bWydaw. Uniwersytetu Mikołaja Kopernika,
_c2000.
300 _a188 s. :
_bil. ;
_c24 cm.
500 _aStreszcz. ang.
504 _aBibliogr. - Indeks.
650 9 _aBibliotekarstwo
_xzarządzanie
650 9 _aInformacja naukowa
_xzarządzanie
650 9 _aZarządzanie jakością
020 _a832311160X
040 _cBPK
041 0 _apl
_ben
080 _a025+002.1:65.012
920 _a83-231-1160-X
942 _cKS
008 s pl f |000 0 pol
999 _c42405
_d42405
856 _uhttp://koha.tu.koszalin.pl/cgi-bin/koha/opac-detail.pl?biblionumber=42405
_yKatalog online BPK